[Event "AUTO-INT-3580"]
[Site "http://www.queenalice.com/game.php?id=1626848"]
[Date "2020.9.13"]
[Round "1"]
[White "manucies"]
[Black "SamuraiJOM"]
[Result "1-0"]
[WhiteElo "1598"]
[BlackElo "1657"]

1. e4 e5 2. Nf3 Nc6 3. Bc4 h6 4. O-O Nf6 5. Nc3 a6 6. d4 Bd6 7. d5 Na5 8. Bd3 b6
9. a3 c6 10. dxc6 dxc6 11. Be3 Be6 12. b4 Nc4 13. Bxc4 Bxc4 14. Re1 O-O 15. Bxb6
Qxb6 16. Qxd6 Rad8 17. Qxe5 Rfe8 18. Qf4 Nh5 19. Qe3 Qc7 20. Qc5 Be6 21. Qxh5 f6
22. Rad1 Bf7 23. Qc5 Rc8 24. Nd2 Re5 25. Qe3 f5 26. f4 Ree8 27. e5 Re6 28. Nc4
Rb8 29. Rd6 Rbe8 30. Kf2 h5 31. Rxe6 Bxe6 32. Qe2 Bf7 33. Nd6 Qb6+ 34. Qe3 Qxe3+
35. Rxe3 Re6 36. Nxf7 Kxf7 37. Rd3 Ke7 38. Ne2 Rh6 39. Ng3 g6 40. Rd6 h4 41.
Nxf5+ 1-0

[Event "AUTO-INT-3580"]
[Site "http://www.queenalice.com/game.php?id=1626855"]
[Date "2020.9.13"]
[Round "1"]
[White "manucies"]
[Black "bdpq"]
[Result "1-0"]
[WhiteElo "1584"]
[BlackElo "1588"]

1. e4 d5 2. exd5 Qxd5 3. Nc3 Qd8 4. Bc4 e6 5. Qf3 Bb4 6. a3 Nf6 7. axb4 c6 8.
Nge2 O-O 9. Ne4 b5 10. Nxf6+ Qxf6 11. Qxf6 gxf6 12. Bb3 h6 13. O-O Nd7 14. Ng3
Bb7 15. d3 Ne5 16. Bxh6 Rfd8 17. h3 Kh7 18. Be3 f5 19. d4 Ng6 20. c3 Rd7 21. Nh5
c5 22. Nf6+ Kg7 23. Nxd7 Rg8 24. Nxc5 Be4 25. Nxe4 fxe4 26. Rxa7 Kf6 27. Bc2 Rg7
28. Bxe4 Rg8 29. Rb7 Nh4 30. Rxb5 Ng6 31. Bg5+ Kg7 32. h4 f5 33. Rb7+ Kf8 34.
Bc2 Rg7 35. Rxg7 Kxg7 36. h5 Nh8 37. d5 exd5 38. Bxf5 Nf7 39. f4 Nd6 40. h6+ Kh8
41. g4 Nxf5 42. gxf5 Kh7 43. Rd1 Kh8 44. Rxd5 1-0

[Event "AUTO-INT-3580"]
[Site "http://www.queenalice.com/game.php?id=1626856"]
[Date "2020.9.13"]
[Round "1"]
[White "bdpq"]
[Black "manucies"]
[Result "0-1"]
[WhiteElo "1572"]
[BlackElo "1615"]

1. e4 e5 2. d4 exd4 3. Qxd4 Nc6 4. Qd1 Nf6 5. Nc3 Bb4 6. Bd2 d6 7. Bg5 Bxc3+ 8.
bxc3 O-O 9. Bd3 h6 10. Bf4 Be6 11. Bb5 g5 12. Be3 Nxe4 13. Bxc6 bxc6 14. Nf3
Nxc3 15. Qd3 Nd5 16. O-O Nxe3 17. Qxe3 c5 18. Rab1 Bxa2 19. Rb2 Bd5 20. Rd1 Bxf3
21. Qxf3 Rb8 22. Ra2 Ra8 23. Rda1 Rb8 24. Rxa7 Re8 25. Qh3 Kg7 26. Qf3 Qf6 27.
Qd1 c6 28. g3 d5 29. Rc7 Ra8 30. Rxa8 Rxa8 31. Qg4 Kg6 32. Qe2 c4 33. Qe3 d4 34.
Qe4+ Kg7 35. Rxc6 Qd8 36. Rxc4 Rc8 37. Rxd4 Qf6 38. Rd3 Qg6 39. Qg4 Rxc2 40. Re3
Rc1+ 41. Kg2 h5 42. Qe2 Qc6+ 43. Rf3 g4 44. Qe7 Qxf3# 0-1

[Event "Challenge"]
[Site "http://www.queenalice.com/game.php?id=1628113"]
[Date "2020.9.26"]
[Round "-"]
[White "manucies"]
[Black "Vin100"]
[Result "1-0"]
[WhiteElo "1600"]
[BlackElo "1568"]

1. e4 e5 2. Nf3 d6 3. d4 Nd7 4. Bc4 Be7 5. dxe5 dxe5 6. O-O Ngf6 7. Nc3 c6 8.
Bg5 O-O 9. a4 b6 10. Bxf6 Bxf6 11. b4 a6 12. Qd6 Bb7 13. b5 Be7 14. Qd2 Bb4 15.
bxa6 Bxa6 16. Bxa6 Rxa6 17. Qe3 Qe7 18. Rfb1 g6 19. h4 Qc5 20. Nd1 Qc4 21. Nb2
Qxc2 22. Qc1 Qxe4 23. Qh6 Bc3 24. Ng5 Re8 25. Qxh7+ Kf8 26. Qxf7# 1-0

[Event "Challenge"]
[Site "http://www.queenalice.com/game.php?id=1628114"]
[Date "2020.9.26"]
[Round "-"]
[White "Vin100"]
[Black "manucies"]
[Result "0-1"]
[WhiteElo "1522"]
[BlackElo "1616"]

1. e4 e5 2. Nf3 Nc6 3. c3 Nf6 4. d3 d6 5. Bg5 Be7 6. Nbd2 O-O 7. Be2 h6 8. Bxf6
Bxf6 9. O-O Bg4 10. b4 a6 11. Nb3 d5 12. a4 d4 13. cxd4 exd4 14. b5 Bxf3 15.
Bxf3 Ne5 16. bxa6 Rxa6 17. Be2 b6 18. Qd2 c5 19. a5 Nc6 20. axb6 Rxa1 21. Rxa1
Qxb6 22. Bd1 Bg5 23. Qc2 Qb4 24. Be2 g6 25. g3 Be7 26. f4 f5 27. e5 g5 28. Qc4+
Qxc4 29. dxc4 Rb8 30. Bf3 Rxb3 31. Bxc6 gxf4 32. Bd5+ Kg7 33. Ra7 Kf8 34. gxf4
d3 35. Be6 d2 36. Rd7 Rb1+ 37. Kg2 d1=Q 38. Rxd1 Rxd1 39. Kg3 h5 40. h4 Rd3+ 0-1

[Event "AUTO-OPEN-4229"]
[Site "http://www.queenalice.com/game.php?id=1633103"]
[Date "2020.11.16"]
[Round "1"]
[White "manucies"]
[Black "milo_krokodil4e"]
[Result "0-1"]
[WhiteElo "1616"]
[BlackElo "1719"]

1. e4 e5 2. Nf3 Nc6 3. Bb5 a6 4. Bxc6 dxc6 5. O-O Bg4 6. d3 Bd6 7. h3 Bh5 8. Nc3
Nf6 9. g4 Bg6 10. g5 Nh5 11. Nh4 Nf4 12. Bxf4 exf4 13. Qg4 h5 14. Qe2 Qxg5+ 15.
Ng2 O-O-O 16. Qg4+ hxg4 17. e5 Bxe5 18. Ne4 Bxe4 19. dxe4 gxh3 0-1

[Event "AUTO-OPEN-4229"]
[Site "http://www.queenalice.com/game.php?id=1633104"]
[Date "2020.11.16"]
[Round "1"]
[White "milo_krokodil4e"]
[Black "manucies"]
[Result "1-0"]
[WhiteElo "1790"]
[BlackElo "1606"]

1. e4 e5 2. Nf3 Nc6 3. Bb5 a6 4. Ba4 b5 5. Bb3 Nf6 6. O-O Bc5 7. c3 O-O 8. d4
Be7 9. Re1 Bb7 10. Nbd2 a5 11. Nxe5 Nxe5 12. dxe5 Ne8 13. Nf3 c5 14. Bd5 Bxd5
15. exd5 f6 16. d6 fxe5 17. dxe7 Qxe7 18. Qd5+ Kh8 19. Qxa8 e4 20. Qxe4 Qf7 21.
Qe7 Qxe7 22. Rxe7 d5 23. Bd2 Nf6 24. Rae1 Ne4 25. R7xe4 dxe4 26. Rxe4 g6 27. h4
1-0

[Event "AUTO-OPEN-4229"]
[Site "http://www.queenalice.com/game.php?id=1633105"]
[Date "2020.11.16"]
[Round "1"]
[White "manucies"]
[Black "Elcid"]
[Result "0-1"]
[WhiteElo "1573"]
[BlackElo "1715"]

1. e4 c5 2. Nc3 g6 3. d3 Bg7 4. Bd2 Nc6 5. Nf3 d6 6. Ng5 Nf6 7. Qf3 h6 8. Nh3
O-O 9. O-O-O Bg4 10. Qg3 Bxd1 11. Kxd1 a6 12. Qh4 Qa5 13. Bxh6 b5 14. Bxg7 Kxg7
15. Be2 b4 16. Nd5 Rh8 17. Qg5 Nxd5 18. Qxd5 Nd4 19. Ng5 e6 20. Qxd6 Rad8 21.
Qe5+ Kg8 22. Re1 Qxa2 23. Qf6 Qb1+ 24. Kd2 Qxc2+ 25. Ke3 Rd7 26. h4 Rxh4 27.
Nxe6 Rh7 28. Ng5 Rh2 29. Qxa6 Re7 30. Qc8+ Kg7 31. g3 Nf5+ 32. Kf3 Nd4+ 33. Ke3
Nf5+ 34. Kf3 Nd4+ 35. Ke3 Nxe2 36. Rxe2 Qc1+ 37. Rd2 Qe1+ 38. Re2 Qc1+ 39. Rd2
Rxf2 40. Nf3 Rxd2 41. Kf4 Rxb2+ 42. Kg4 Qe3 43. e5 Rf2 44. Ng5 Rxe5 45. Ne4 f5+
0-1

[Event "AUTO-OPEN-4229"]
[Site "http://www.queenalice.com/game.php?id=1633106"]
[Date "2020.11.16"]
[Round "1"]
[White "Elcid"]
[Black "manucies"]
[Result "1-0"]
[WhiteElo "1660"]
[BlackElo "1586"]

1. d4 d5 2. Nc3 Nf6 3. Bg5 Nbd7 4. Nf3 h6 5. Bxf6 Nxf6 6. e3 Bg4 7. h3 Bxf3 8.
Qxf3 c6 9. Bd3 Qb6 10. O-O-O e6 11. g4 Bb4 12. Ne2 O-O-O 13. h4 c5 14. g5 hxg5
15. hxg5 Rxh1 16. Rxh1 c4 17. gxf6 g6 18. a3 cxd3 19. axb4 dxe2 20. Qxe2 Qxb4
21. Rh7 Rd7 22. Rg7 a5 23. Rg8+ Kc7 24. Ra8 b6 25. Ra7+ Kc6 26. Ra8 b5 27. c3
Qa4 28. e4 Qc4 29. Rc8+ Rc7 30. exd5+ Qxd5 31. Rxc7+ Kxc7 32. f4 g5 33. fxg5
Qxg5+ 34. Kc2 Qf5+ 35. Kc1 Kb6 36. Qe3 Qd5 37. Qg3 b4 38. Qb8+ Qb7 39. Qd6+ Kb5
40. Qc5+ Ka4 41. cxb4 axb4 42. Qc4 Qh1+ 43. Kc2 Qe4+ 44. Kc1 Qf4+ 45. Kc2 Qe4+
46. Kc1 Qb7 47. b3+ Ka3 48. d5 Qxd5 49. Qa6+ Kxb3 50. Qf1 Qc4+ 51. Qxc4+ 1-0

[Event "AUTO-OPEN-4229"]
[Site "http://www.queenalice.com/game.php?id=1633107"]
[Date "2020.11.16"]
[Round "1"]
[White "manucies"]
[Black "clovis"]
[Result "1/2-1/2"]
[WhiteElo "1592"]
[BlackElo "1996"]

1. e4 e5 2. Nf3 Nc6 3. Bb5 f5 4. Bxc6 dxc6 5. Nc3 Nf6 6. d3 fxe4 7. Nxe4 Nxe4 8.
dxe4 Qxd1+ 9. Kxd1 Bg4 10. Ke2 O-O-O 11. h3 Bxf3+ 12. Kxf3 Bc5 13. Bg5 Rdf8+ 14.
Kg3 Bxf2+ 15. Kh2 h6 16. Be7 Rf4 17. a4 Rxe4 18. c3 Bh4 19. Bc5 Rd8 20. Rad1
Rxd1 21. Rxd1 Re1 22. Rxe1 Bxe1 23. Bf8 b5 24. Bxg7 bxa4 25. Bxe5 Bd2 26. g4 c5
27. Bg7 Kd7 28. Bf8 Kc6 29. h4 Bc1 30. g5 hxg5 31. h5 Bxb2 32. h6 a3 33. Bg7 a2
34. h7 a1=Q 35. h8=Q Qd1 36. Qe8+ Qd7 37. Qa8+ Kd6 38. Bf8+ Ke6 39. Qe4+ Kf6 40.
Qf3+ Qf5 41. Qc6+ Kf7 42. Bxc5 Bxc3 43. Qxc7+ Kg6 44. Qc6+ Kh5 45. Qe8+ Kh4 46.
Qa4+ Qf4+ 47. Qxf4+ gxf4 48. Bxa7 Kg4 49. Bf2 Bd2 50. Kg2 Be3 1/2-1/2

[Event "AUTO-OPEN-4229"]
[Site "http://www.queenalice.com/game.php?id=1633108"]
[Date "2020.11.16"]
[Round "1"]
[White "clovis"]
[Black "manucies"]
[Result "1-0"]
[WhiteElo "2108"]
[BlackElo "1618"]

1. e4 e5 2. Bc4 Nf6 3. Nc3 Bb4 4. Nf3 Bxc3 5. dxc3 c6 6. Nxe5 O-O 7. Bg5 h6 8.
Bh4 g5 9. Bg3 Nxe4 10. Qh5 Nxg3 11. hxg3 Qe8 12. f4 d6 13. Qxh6 1-0

[Event "Challenge"]
[Site "http://www.queenalice.com/game.php?id=1634061"]
[Date "2020.11.24"]
[Round "-"]
[White "vivoferreira"]
[Black "manucies"]
[Result "1-0"]
[WhiteElo "1572"]
[BlackElo "1604"]

1. e4 e5 2. Nf3 Nc6 3. d4 exd4 4. Nxd4 d5 5. exd5 Nxd4 6. Qxd4 Be6 7. Bc4 Nf6 8.
Bg5 Be7 9. O-O h6 10. Bh4 Nxd5 11. Bxe7 Nxe7 12. Qxg7 Ng6 13. Bxe6 Qe7 14. Bf5
Qf8 15. Re1+ Ne7 16. Qc3 c6 17. Nd2 Rd8 18. Rad1 Rg8 19. Ne4 Rxd1 20. Rxd1 Nxf5
21. Nf6+ Ke7 22. Qe5# 1-0

[Event "AUTO-INT-3580"]
[Site "http://www.queenalice.com/game.php?id=1636900"]
[Date "2020.12.18"]
[Round "2"]
[White "flibbertygibbet"]
[Black "manucies"]
[Result "1-0"]
[WhiteElo "1833"]
[BlackElo "1599"]

1. e4 e5 2. Nf3 Nc6 3. Bb5 Nge7 4. O-O a6 5. Ba4 d6 6. d4 exd4 7. Nxd4 b5 8. Bb3
Bb7 9. Nxc6 Bxc6 10. Qf3 f6 11. Be6 Bd7 12. Bxd7+ Qxd7 13. Nc3 c6 14. Bf4 g5 15.
Bg3 Bg7 16. Rad1 g4 17. Qd3 d5 18. Rfe1 b4 19. Ne2 a5 20. exd5 cxd5 21. Nf4
O-O-O 22. Re2 Bh6 23. Qa6+ Qb7 24. Qxb7+ Kxb7 25. Rxe7+ Kc8 26. Nxd5 1-0

[Event "AUTO-INT-3580"]
[Site "http://www.queenalice.com/game.php?id=1636901"]
[Date "2020.12.18"]
[Round "2"]
[White "manucies"]
[Black "flibbertygibbet"]
[Result "1-0"]
[WhiteElo "1571"]
[BlackElo "1861"]

1. e4 e6 2. d4 d5 3. e5 c5 4. c3 Nc6 5. Bd2 cxd4 6. cxd4 Nxd4 7. Nf3 Nc6 8. Bb5
Ne7 9. O-O Ng6 10. Qc2 Bd7 11. Nc3 Ncxe5 12. Bxd7+ Qxd7 13. Nd4 a6 14. b3 Bd6
15. f4 Nc6 16. Nde2 O-O 17. Na4 Qc7 18. Be3 Nb4 19. Qxc7 Bxc7 20. Bc5 Nc6 21.
Bxf8 Kxf8 22. g3 Rd8 23. f5 exf5 24. Rxf5 d4 25. Nc5 d3 26. Ne6+ 1-0

[Event "AUTO-INT-3580"]
[Site "http://www.queenalice.com/game.php?id=1636904"]
[Date "2020.12.18"]
[Round "2"]
[White "Givanildo"]
[Black "manucies"]
[Result "0-1"]
[WhiteElo "1691"]
[BlackElo "1586"]

1. d4 d5 2. Bf4 Nf6 3. e3 Bd7 4. h3 Nc6 5. a3 h6 6. Bb5 a6 7. Bd3 e6 8. Bh2 Bd6
9. Ne2 O-O 10. Bxd6 cxd6 11. O-O e5 12. dxe5 dxe5 13. c3 e4 14. Bc2 Qb6 15. b4
a5 16. b5 Qxb5 17. Nd2 a4 18. c4 dxc4 19. Rb1 Qa6 20. Nxe4 Nxe4 21. Bxe4 Be6 22.
Nc3 Rad8 23. Qc2 f5 24. Bf3 Rd3 25. Nxa4 Rxa3 26. Nc5 Ra2 27. Rxb7 Qxb7 28. Qxa2
Qc8 29. Nxe6 Qxe6 30. Be2 Ne5 31. f4 Nf7 32. Bxc4 Qxe3+ 33. Kh1 Qe7 34. Qd2 g5
35. Re1 Qc5 36. Rc1 Qe7 37. Re1 Qf6 38. Re6 Qg7 39. Qb4 Kh7 40. fxg5 hxg5 41.
Qa5 Nd8 42. Qa3 Nxe6 43. Bxe6 Kh6 44. g3 Qb7+ 45. Kh2 Re8 46. Qa2 Qe4 47. Bd5
Qe1 48. Qa6+ Kg7 49. Qb7+ Re7 50. Qb2+ Qe5 51. Qd2 Qe2+ 52. Qxe2 Rxe2+ 53. Bg2
Kf6 54. h4 gxh4 55. gxh4 f4 56. Kh3 Kf5 57. h5 Kg5 58. Bh1 Re3+ 59. Kh2 Kxh5 60.
Bg2 Kh4 61. Kg1 Kg3 62. Bf1 Re1 63. Kh1 Rxf1# 0-1

[Event "AUTO-INT-3580"]
[Site "http://www.queenalice.com/game.php?id=1636905"]
[Date "2020.12.18"]
[Round "2"]
[White "manucies"]
[Black "Givanildo"]
[Result "0-1"]
[WhiteElo "1587"]
[BlackElo "1579"]

1. e4 d5 2. exd5 Qxd5 3. Nc3 Qe5+ 4. Nge2 Bg4 5. f3 Bh5 6. d4 Qa5 7. Nf4 e6 8.
Bd2 Bb4 9. a3 Bxc3 10. Bxc3 Qg5 11. g3 Nd7 12. h4 Qxg3+ 13. Kd2 Qxf4+ 14. Kd3
Bxf3 15. Bd2 Qe4+ 0-1

[Event "AUTO-INT-3580"]
[Site "http://www.queenalice.com/game.php?id=1636906"]
[Date "2020.12.18"]
[Round "2"]
[White "Alex_ac"]
[Black "manucies"]
[Result "1-0"]
[WhiteElo "1733"]
[BlackElo "1597"]

1. d4 d5 2. e3 Nf6 3. h3 Nc6 4. a3 e5 5. c4 exd4 6. exd4 Qe7+ 7. Be2 Qe4 8. Nf3
dxc4 9. Nc3 Qe6 10. O-O Qd7 11. Bxc4 h6 12. Re1+ Be7 13. d5 Na5 14. Ne5 Qd6 15.
Qa4+ Nd7 16. Nxd7 Bxd7 17. Qxa5 O-O 18. Ne4 Qe5 19. Ng3 Qd6 20. Qc3 Bf6 21. Qf3
c6 22. Ne4 Qc7 23. Nxf6+ gxf6 24. Bxh6 Rfe8 25. Qxf6 Rxe1+ 26. Rxe1 1-0

[Event "AUTO-INT-3580"]
[Site "http://www.queenalice.com/game.php?id=1636907"]
[Date "2020.12.18"]
[Round "2"]
[White "manucies"]
[Black "Alex_ac"]
[Result "0-1"]
[WhiteElo "1573"]
[BlackElo "1810"]

1. e4 e6 2. d4 d5 3. e5 a6 4. Nf3 h6 5. Nc3 Nc6 6. a3 g6 7. Bd3 Bg7 8. O-O Nge7
9. Ne2 Nf5 10. b3 Ncxd4 11. Nexd4 Nxd4 12. Nxd4 Bxe5 13. Be3 Qh4 14. g3 Qf6 15.
c3 Bd7 16. f4 Bd6 17. c4 O-O-O 18. cxd5 exd5 19. g4 g5 20. f5 Be5 21. Be2 c5 22.
Rc1 Bxh2+ 23. Kxh2 Qe5+ 24. Kg2 Qxe3 25. Rxc5+ Kb8 26. Rxd5 Bc6 27. Nxc6+ bxc6
28. Rxd8+ Rxd8 29. Qxd8+ Kb7 30. Qd3 Qb6 31. Qd7+ Kb8 32. Rc1 c5 33. Qe8+ Kc7
34. Qe7+ Kc6 35. Qf6+ Kb7 36. Qxf7+ Kc6 0-1

[Event "Challenge"]
[Site "http://www.queenalice.com/game.php?id=1637766"]
[Date "2020.12.26"]
[Round "-"]
[White "vivoferreira"]
[Black "manucies"]
[Result "1-0"]
[WhiteElo "1369"]
[BlackElo "1606"]

1. e4 e5 2. Nf3 Nc6 3. Nc3 Bb4 4. Nd5 Nf6 5. Nxb4 Nxb4 6. b3 Nc6 7. Bb2 d6 8. d4
exd4 9. Bxd4 Nxd4 10. Nxd4 Qe7 11. Bd3 Nxe4 12. O-O O-O 13. Re1 Qe5 14. Bxe4 Qg5
15. c4 g6 16. Nf3 Qc5 17. Qd2 f5 18. Bd3 Bd7 19. g3 b5 20. Rac1 b4 21. Qh6 Rf7
22. Ng5 Rg7 23. Re3 Re8 24. Rxe8+ Bxe8 25. Re1 Bf7 26. Re7 Qd4 27. Be2 Qf6 28.
Rxc7 Kf8 29. Rxa7 Bg8 30. Bf3 f4 31. Rxg7 Qxg7 32. Qh4 Qa1+ 33. Kg2 Qxa2 34.
Qxf4+ Kg7 35. Qxd6 Qxb3 36. Ne6+ Bxe6 37. Qxe6 Qc3 38. Bd5 1-0

[Event "AUTO-OPEN-4250"]
[Site "http://www.queenalice.com/game.php?id=1640648"]
[Date "2021.1.20"]
[Round "1"]
[White "manucies"]
[Black "mascarade"]
[Result "1-0"]
[WhiteElo "1563"]
[BlackElo "2274"]

1. e4 e5 2. Nf3 Nc6 3. Bb5 Nge7 4. Nc3 a6 5. Bxc6 Nxc6 6. d4 Nxd4 7. Nxd4 exd4
8. Qxd4 d6 9. Bf4 Be6 10. e5 c5 11. Qd3 b5 12. exd6 Qb6 13. O-O-O O-O-O 14. Rhe1
Qc6 15. Ne4 Bf5 16. Qd5 Bxe4 17. Rxe4 Qxd5 18. Rxd5 Kb7 19. Rxc5 Bxd6 20. Bxd6
Rxd6 21. Re7+ Kb6 22. b4 Rf6 23. f3 a5 24. a3 Rb8 25. c4 bxc4 26. Rxa5 Rg6 27.
g4 Rf6 28. a4 Rxf3 29. Rb5+ 1-0

[Event "AUTO-OPEN-4250"]
[Site "http://www.queenalice.com/game.php?id=1640649"]
[Date "2021.1.20"]
[Round "1"]
[White "mascarade"]
[Black "manucies"]
[Result "1-0"]
[WhiteElo "2240"]
[BlackElo "1581"]

1. e4 e5 2. Nf3 Nc6 3. Bb5 Nge7 4. d4 exd4 5. Nxd4 Nxd4 6. Qxd4 c6 7. Bd3 d5 8.
O-O f6 9. Nc3 Be6 10. Ne2 dxe4 11. Qxe4 Qd5 12. Qb4 b6 13. Nf4 Qd7 14. Nxe6 Qxe6
15. Qa4 b5 16. Qa6 Nd5 17. Bd2 Bb4 18. Rae1 Qxe1 19. Rxe1+ Kf7 20. Bxb4 Nxb4 21.
Qb7+ 1-0

[Event "AUTO-OPEN-4250"]
[Site "http://www.queenalice.com/game.php?id=1640650"]
[Date "2021.1.20"]
[Round "1"]
[White "manucies"]
[Black "mvson33"]
[Result "0-1"]
[WhiteElo "1589"]
[BlackElo "1911"]

1. e4 e5 2. Nc3 Nf6 3. Bc4 Nc6 4. Nf3 Bc5 5. Nd5 Nxe4 6. O-O O-O 7. d3 Nf6 8.
Nxf6+ Qxf6 9. Bg5 Qd6 10. Nh4 Re8 11. Nf5 Qg6 12. Qg4 h6 13. Bxf7+ Qxf7 14. Bxh6
d6 15. Qxg7+ Qxg7 16. Nxg7 Re7 17. Nh5 Bf5 18. Nf6+ Kf7 19. Nd5 Rd7 20. Be3 Be6
21. Bxc5 Bxd5 22. c4 Be6 23. f4 exf4 24. Rxf4+ Kg6 25. Be3 Rf7 26. Rxf7 Bxf7 27.
a3 Re8 28. Kf2 Ne5 29. Bxa7 b6 0-1

[Event "AUTO-OPEN-4250"]
[Site "http://www.queenalice.com/game.php?id=1640651"]
[Date "2021.1.20"]
[Round "1"]
[White "mvson33"]
[Black "manucies"]
[Result "1-0"]
[WhiteElo "1827"]
[BlackElo "1579"]

1. e4 e5 2. Nf3 Nc6 3. Bc4 h6 4. Nc3 Bb4 5. O-O Bxc3 6. dxc3 d6 7. Be3 Nf6 8.
Bd3 Bg4 9. h3 Bxf3 10. Qxf3 g5 11. Qe2 d5 12. exd5 Nxd5 13. Rad1 Nxe3 14. Qxe3
Qd5 15. Ba6 Qxa2 16. Bxb7 Rb8 17. Bxc6+ Kf8 18. Qxe5 Qe6 19. Qxh8+ Ke7 20. Qxb8
Qxc6 21. Rfe1+ 1-0

[Event "AUTO-OPEN-4250"]
[Site "http://www.queenalice.com/game.php?id=1640652"]
[Date "2021.1.20"]
[Round "1"]
[White "manucies"]
[Black "bmax"]
[Result "0-1"]
[WhiteElo "1591"]
[BlackElo "2271"]

1. e4 d6 2. d4 Nf6 3. Nc3 e5 4. d5 c6 5. Bg5 h6 6. Bxf6 Qxf6 7. Qf3 Nd7 8. O-O-O
Qxf3 9. Nxf3 Be7 10. h4 h5 11. Nd2 b5 12. dxc6 Nf6 13. Bxb5 a6 14. Ba4 Be6 15.
Nf3 Ng4 16. Rd2 O-O-O 17. Nd5 Bxd5 18. exd5 e4 19. Ng5 Bxg5 20. hxg5 h4 21. f3
exf3 22. gxf3 Ne5 23. f4 Ng4 24. b4 h3 25. b5 axb5 26. Bxb5 Kc7 27. c4 Rde8 28.
a4 Re3 29. Ra2 h2 30. c5 Rc3+ 31. Rc2 Rxc2+ 32. Kxc2 dxc5 33. a5 Nf2 34. a6 Nxh1
0-1

[Event "AUTO-OPEN-4250"]
[Site "http://www.queenalice.com/game.php?id=1640653"]
[Date "2021.1.20"]
[Round "1"]
[White "bmax"]
[Black "manucies"]
[Result "1-0"]
[WhiteElo "2270"]
[BlackElo "1593"]

1. d4 d5 2. Nc3 Nf6 3. Bf4 a6 4. e3 Nc6 5. Bd3 h6 6. h3 g5 7. Bg3 Nb4 8. Nf3
Nxd3+ 9. Qxd3 e6 10. Ne5 Bb4 11. a3 Bxc3+ 12. Qxc3 Ne4 13. Qd3 Nxg3 14. fxg3 Bd7
15. Qe2 h5 16. Qf3 O-O 17. Qxh5 Qf6 18. Nxd7 Qg7 19. Nxf8 Rxf8 20. O-O-O f6 21.
h4 g4 22. e4 dxe4 23. d5 exd5 24. Qxd5+ Rf7 25. Qxe4 Re7 26. Rd8+ Kf7 27. Qc4+
Kg6 28. h5+ Kh7 29. Qd3+ Kh6 30. Rh8+ Kg5 31. Qd2+ Kf5 32. Qd5+ 1-0